00301cam a22000977a 4500008004000000082002000040245005400060260004600114300000700160700003600167180718b1966 xxu||||| |||| 00| 0 eng d aI513084x54 In2w aWork study, Part 1-4cby Ministry of Home Affairs aNew DelhibMinistry of Home Affairsc1966 a-- aIndia. Ministry of Home Affairs